Statistics for Google Suggestions Quiz #2

Click here to take the quiz!

General Stats

  • This quiz has been taken 38,451 times
    (17,319 since last reset)
  • The average score is 15 of 22

Answer Stats

When I type...Google suggests...% Correct
Why are flamingos ...{pink}
95%
Do cell phones cause ...{cancer}
95%
Is cheerleading a ...{sport}
93%
Are vampires ...{real}
88%
How did Bruce Lee ...{die}
87%
Is the Earth actually ...{flat}
81%
Is a tomato a ...{fruit} {or} {vegetable}
78%
Why does Seattle get so much ...{rain}
77%
Why are there so
many poisonous animals in ...
{Australia}
75%
Is rock climbing ...{dangerous}
74%
What are the odds of getting
attacked by a ...
{shark}
70%
Is China still ...{communist}
70%
Did humans live with ...{dinosaurs}
66%
What is the electoral ...{college}
65%
Are bats ...{blind}
57%
What happens if you swallow ...{gum}
53%
Who built the ...{pyramids}
51%
Can Americans visit ...{Cuba}
51%
Why do I dream about losing my ...{teeth}
42%
Why do men have ...{Nipples}
41%
Can I end a sentence with a ...{preposition}
37%
Does root beer have ...{caffeine}
25%

Score Distribution

Percentile by Number Answered

Percent of People with Each Score

Your Score History

You have not taken this quiz since the last reset